| 000 -LEADER |
| fixed length control field |
00769nam a22001337a 4500 |
| 040 ## - CATALOGING SOURCE |
| Transcribing agency |
RUA |
| 082 ## - DEWEY DECIMAL CLASSIFICATION NUMBER |
| Classification number |
AGR DOR 2010 B045 Or.1 |
| 100 ## - MAIN ENTRY--AUTHOR NAME |
| Personal name |
DORL, PHEAKDEY. |
| 245 ## - TITLE STATEMENT |
| Title |
the different amount of material in pellet compost on elery cabbage yield at royal unversity of agriculture (បរិមាណសមាសធាតុផ្សំផ្សេងៗគ្នានៃជីកំប៉ុស្តិ៍គ្រាប់លើទិន្នផលដំណាំស្ពៃចង្កិះ នៅសាកលវិទ្យាល័យភូមិន្ទកសិកម្ម) |
| 260 ## - PUBLICATION, DISTRIBUTION, ETC. (IMPRINT) |
| Place of publication |
Phnom Penh |
| Name of publisher |
RUA |
| Year of publication |
2010 |
| 300 ## - PHYSICAL DESCRIPTION |
| Number of Pages |
x, 43p. |
| Other physical details |
ill. |
| Dimensions |
29cm. |
| 856 ## - ELECTRONIC LOCATION AND ACCESS |
| Uniform Resource Identifier |
https://drive.google.com/file/d/1ltU3NQKfBKzjFPtPFwJU6iPGi4evsw1d/view?usp=sharing |
| 942 ## - ADDED ENTRY ELEMENTS (KOHA) |
| Koha item type |
AGR |
| 952 ## - LOCATION AND ITEM INFORMATION (KOHA) |
| Withdrawn status [LOCAL, KOHA] |
0 |
| 952 ## - LOCATION AND ITEM INFORMATION (KOHA) |
| Withdrawn status [LOCAL, KOHA] |
0 |
| 952 ## - LOCATION AND ITEM INFORMATION (KOHA) |
| Withdrawn status [LOCAL, KOHA] |
0 |